Going once, going twice, sold to... (Record no. 104704)
[ view plain ]
| 000 -LEADER | |
|---|---|
| fixed length control field | 01062cam a2200205 4500 |
| 001 - CONTROL NUMBER | |
| control field | ##L131290 |
| 008 - FIXED-LENGTH DATA ELEMENTS--GENERAL INFORMATION | |
| fixed length control field | 051018n2005 000 0 eng u |
| 035 ## - SYSTEM CONTROL NUMBER | |
| System control number | (Sirsi) u131290 |
| 041 0# - LANGUAGE CODE | |
| Language code of text/sound track or separate title | eng |
| 050 04 - LIBRARY OF CONGRESS CALL NUMBER | |
| Classification number | 380.1 $2 18 |
| 110 2# - MAIN ENTRY--CORPORATE NAME | |
| Corporate name or jurisdiction name as entry element | Royal Institution of Chartered Surveyors |
| Subordinate unit | Real Estate Auction Group |
| 9 (RLIN) | 4349 |
| 245 00 - TITLE STATEMENT | |
| Title | Going once, going twice, sold to... |
| Remainder of title | your guide to buying and selling property at auction |
| 260 ## - PUBLICATION, DISTRIBUTION, ETC. | |
| Place of publication, distribution, etc. | London |
| Name of publisher, distributor, etc. | RICS |
| Date of publication, distribution, etc. | 2005 |
| 520 ## - SUMMARY, ETC. | |
| Summary, etc. | This consumer guide aims to help those with no experience in buying and selling property to get the most out of property auctions. Contains inside information on the auction process, from both buyers' and sellers' points of view and outlines what to expect at property auctions. |
| 520 ## - SUMMARY, ETC. | |
| Summary, etc. | Superseded by 2018 RICS Consumer Guide: Property Auctions |
| 651 #4 - SUBJECT ADDED ENTRY--GEOGRAPHIC NAME | |
| Geographic name | England and Wales |
| Chronological subdivision | 1543- |
| 690 ## - LOCAL SUBJECT ADDED ENTRY--TOPICAL TERM (OCLC, RLIN) | |
| Topical term or geographic name as entry element | Auctioneering |
| 9 (RLIN) | 6218 |
| 856 40 - ELECTRONIC LOCATION AND ACCESS | |
| Uniform Resource Identifier | <a href="https://www.rics.org/RICSWEB/getpage.aspx?p=ZeMClmuie0-xgn8cseFJ_w">https://www.rics.org/RICSWEB/getpage.aspx?p=ZeMClmuie0-xgn8cseFJ_w</a> |
| Public note | View the guide free of charge at www.rics.org/propertyauctions... |
| 942 ## - ADDED ENTRY ELEMENTS (KOHA) | |
| Suppress in OPAC | 0 |
| Source of classification or shelving scheme | Dewey Decimal Classification |
| Withdrawn status | Lost status | Source of classification or shelving scheme | Damaged status | Not for loan | Home library | Current library | Shelving location | Date acquired | Total Checkouts | Full call number | Barcode | Date last seen | Copy number | Price effective from | Koha item type |
|---|---|---|---|---|---|---|---|---|---|---|---|---|---|---|---|
| Dewey Decimal Classification | Virtual | Virtual | Online | 18/10/2005 | ONLINE PUBLICATION | 131290-1001 | 06/08/2019 | 1 | 06/08/2019 | Book |